<?xml version="1.0" encoding="UTF-8"?>
<collection xmlns="http://www.loc.gov/MARC21/slim">
<record>
  <controlfield tag="001">133644</controlfield>
  <controlfield tag="005">20240424142039.0</controlfield>
  <datafield tag="037" ind1=" " ind2=" ">
    <subfield code="a">TAZ-TFM-2023-1447</subfield>
  </datafield>
  <datafield tag="041" ind1=" " ind2=" ">
    <subfield code="a">spa</subfield>
  </datafield>
  <datafield tag="100" ind1="1" ind2=" ">
    <subfield code="a">Campos Sáenz de Santa Maria, Amelia</subfield>
  </datafield>
  <datafield tag="242" ind1="0" ind2="0">
    <subfield code="a">VExUS bedside protocol: prospective study of the multimodal congestion assessment in patients admitted to a tertiary hospital for decompensated heart failure.</subfield>
  </datafield>
  <datafield tag="245" ind1="0" ind2="0">
    <subfield code="a">Protocolo VExUS a pie de cama: estudio prospectivo de la valoración multimodal de congestión en pacientes ingresados por insuficiencia cardiaca descompensada en un hospital de tercer nivel.</subfield>
  </datafield>
  <datafield tag="260" ind1=" " ind2=" ">
    <subfield code="a">Zaragoza</subfield>
    <subfield code="b">Universidad de Zaragoza</subfield>
    <subfield code="c">2023</subfield>
  </datafield>
  <datafield tag="500" ind1=" " ind2=" ">
    <subfield code="a">Aporto copia en secretaría facultad y departamento. Resumen disponible en inglés.</subfield>
  </datafield>
  <datafield tag="506" ind1=" " ind2=" ">
    <subfield code="a">by-nc-sa</subfield>
    <subfield code="b">Creative Commons</subfield>
    <subfield code="c">3.0</subfield>
    <subfield code="u">http://creativecommons.org/licenses/by-nc-sa/3.0/</subfield>
  </datafield>
  <datafield tag="520" ind1=" " ind2=" ">
    <subfield code="a">Introducción. La congestión venosa sistémica se ha convertido en la gran protagonista de la insuficiencia cardiaca (IC), especialmente en el síndrome cardiorrenal. La ecografía clínica se trata de una herramienta útil para fenotipar la congestión, guiar el tratamiento depletivo y modificar el pronóstico pudiendo disminuir reingresos. El protocolo VExUS (Venous excess ultrasound grading system) se basa en analizar el diámetro de la vena cava inferior (VCI) y el doppler pulsado en tres venas abdominales: suprahepática, porta y renales lobares. Ha emergido en ámbito cardiorrenal como una exploración no invasiva que permite identificar a aquellos pacientes con peor pronóstico.&lt;br />Material y métodos. Estudio descriptivo, prospectivo y unicéntrico en el servicio de Medicina Interna del Hospital Clínico Universitario Lozano Blesa de Zaragoza desde noviembre 2022 hasta julio 2023. Se incluyeron 62 pacientes y se evaluaron parámetros de congestión clínica, ecográfica y analítica al ingreso.&lt;br />Resultados. La media de edad fue 84,9 ± 6 años, siendo el 54,8% mujeres y el 63,3% tenían fracción de eyección del ventrículo izquierdo (FEVI) preservada (>50%). La congestión clínica medida en la exploración física (p&lt;0.001) y en concreto, la extensión de los edemas tisulares (p=0.001) se relacionan con la congestión evaluada por el protocolo VExUS. Además, existe relación con el diámetro de la VCI (p&lt;0.001) y el colapso &lt;50% de la VCI (p=0.015). El grado VExUS, la ascitis (p&lt;0.001) y la elevación del biomarcador tisular CA 125 (p=0.025), se correlacionan entre sí, siendo estos pacientes los que presentan una peor respuesta diurética medida por la natriuresis, que está disminuida (p=0.045), precisando mayores dosis de diurético intravenoso (p=0.009). Sin embargo, no se encontró correlación entre la congestión medida por VExUS y los reingresos y la mortalidad a los tres meses.&lt;br />Conclusiones. El protocolo VExUS al ingreso permite identificar a los enfermos que muestran mayor congestión clínica, menor natriuresis y que precisan de mayores dosis de diurético intravenoso. La presencia de ascitis y elevación del biomarcador tisular CA125 se asocian con mayor grado VExUS. En nuestro estudio, el VExUS no se ha demostrado útil como predictor a medio plazo de reingresos y mortalidad.&lt;br />&lt;br /></subfield>
  </datafield>
  <datafield tag="521" ind1=" " ind2=" ">
    <subfield code="a">Máster Universitario en Iniciación a la Investigación en Medicina</subfield>
  </datafield>
  <datafield tag="540" ind1=" " ind2=" ">
    <subfield code="a">Derechos regulados por licencia Creative Commons</subfield>
  </datafield>
  <datafield tag="700" ind1=" " ind2=" ">
    <subfield code="a">Rubio Gracia, Jorge</subfield>
    <subfield code="e">dir.</subfield>
  </datafield>
  <datafield tag="710" ind1="2" ind2=" ">
    <subfield code="a">Universidad de Zaragoza</subfield>
    <subfield code="b">Medicina, Psiquiatría y Dermatología</subfield>
    <subfield code="c">Medicina</subfield>
  </datafield>
  <datafield tag="856" ind1="0" ind2=" ">
    <subfield code="f">717014@unizar.es</subfield>
  </datafield>
  <datafield tag="856" ind1="4" ind2=" ">
    <subfield code="s">9294780</subfield>
    <subfield code="u">http://zaguan.unizar.es/record/133644/files/TAZ-TFM-2023-1447.pdf</subfield>
    <subfield code="y">Memoria (spa)</subfield>
  </datafield>
  <datafield tag="856" ind1="4" ind2=" ">
    <subfield code="s">9294780</subfield>
    <subfield code="u">http://zaguan.unizar.es/record/133644/files/TAZ-TFM-2023-1447_ANE.pdf</subfield>
    <subfield code="y">Anexos (spa)</subfield>
  </datafield>
  <datafield tag="909" ind1="C" ind2="O">
    <subfield code="o">oai:zaguan.unizar.es:133644</subfield>
    <subfield code="p">driver</subfield>
    <subfield code="p">trabajos-fin-master</subfield>
  </datafield>
  <datafield tag="950" ind1=" " ind2=" ">
    <subfield code="a"></subfield>
  </datafield>
  <datafield tag="980" ind1=" " ind2=" ">
    <subfield code="a">TAZ</subfield>
    <subfield code="b">TFM</subfield>
    <subfield code="c">MED</subfield>
  </datafield>
  <datafield tag="999" ind1=" " ind2=" ">
    <subfield code="a">20231124071531.CREATION_DATE</subfield>
  </datafield>
  <datafield tag="951" ind1=" " ind2=" ">
    <subfield code="a">deposita:2024-04-24</subfield>
  </datafield>
</record>
</collection>